A note "Trying to value a life" (Registro nro. 25716)
[ vista simple ]
| 000 -LEADER | |
|---|---|
| fixed length control field | 00322 a2200109 4500 |
| 001 - CONTROL NUMBER | |
| control field | ART_11665 |
| 005 - DATE AND TIME OF LATEST TRANSACTION | |
| control field | 20260410161859.0 |
| 008 - FIXED-LENGTH DATA ELEMENTS--GENERAL INFORMATION | |
| fixed length control field | 260409a |
| 100 1# - MAIN ENTRY--PERSONAL NAME | |
| Personal name | Williams, Alan |
| 245 10 - TITLE STATEMENT | |
| Title | A note "Trying to value a life" |
| 773 0# - HOST ITEM ENTRY | |
| Title | Journal of public economics |
| Related parts | - Vol. 12, Nº 2 (oct. 1979) |
| Record control number | REV11485 |
No hay ítems disponibles.